[Event "IRL-ch"]
[Site "Dublin"]
[Date "1998.??.??"]
[Round "3"]
[White "Daly, Colin"]
[Black "Heidenfeld, Mark"]
[Result "1-0"]
[WhiteElo "2295"]
[BlackElo "2335"]

1.c4 b6 2.Nf3 Bb7 3.e3 e6 4.b3 Nf6 5.Bb2 Be7 6.g3 d5 7.Bg2 c5 8.O-O Nc6 9.cxd5 exd5
10.d4 O-O 11.Nc3 Rc8 12.Rc1 Re8 13.Ne2 Ba6 14.Ne5 Ne4 15.Re1 Bf6 16.Nxc6 Rxc6
17.Ba3 Bg5 18.Nf4 Bxf4 19.exf4 c4 20.Bxe4 Rxe4 21.Rxe4 dxe4 22.d5 Rc8 23.Qd4 cxb3
24.axb3 Rxc1+ 25.Bxc1 Bb7 26.Bb2 f6 27.d6 Qd7 28.f5 Bc6 29.g4 Kf8 30.Ba3 Bb7
31.Qc4 b5 32.Qxb5 Bc8 33.Qc4 g6 34.Qxc8+  1-0

[Event "AUT-ch U12"]
[Site "Feldkirchen"]
[Date "1998.??.??"]
[Round "7"]
[White "Reiss, Georg"]
[Black "Petrasch, Manfred"]
[Result "1-0"]
[WhiteElo "1598"]
[BlackElo "1398"]

1.c4 b6 2.Nc3 Bb7 3.Nf3 Nf6 4.d4 e6 5.g3 Nc6 6.Bg2 Rb8 7.O-O Be7 8.b3 O-O
9.Bb2 d5 10.cxd5 Nxd5 11.Nxd5 exd5 12.e3 Qd6 13.Qc2 Rfd8 14.Rfc1 f6 15.Ne1 Rbc8
16.Nd3 Rd7 17.Bh3 Rcd8 18.Bxd7 Rxd7 19.a4 a5 20.Ba3 Qe6 21.Nf4 Qf7 22.Bxe7 Rxe7
23.Qf5 Nb4 24.Qb1 g6 25.Nd3 Nc6 26.b4 Kg7 27.b5 Nd8 28.Rc3 Ne6 29.Qc2 h6
30.Rc1 Ba8 31.Nf4 Nxf4 32.exf4 c5 33.bxc6 Rc7 34.Rb1 Qe6 35.Rxb6 Rc8 36.Ra6 f5
37.Ra7+ Kf6 38.c7 Kf7 39.Rxa8 Rxa8 40.c8=Q Rxc8 41.Rxc8 h5 42.Qc7+  1-0

[Event "NRW-Liga I 9899"]
[Site "GER"]
[Date "1998.??.??"]
[Round "4"]
[White "Weber, Peter"]
[Black "Kohlweyer, Bernd"]
[Result "1-0"]
[WhiteElo "2205"]
[BlackElo "2430"]

1.c4 b6 2.e4 Bb7 3.Nc3 e6 4.Nf3 Bb4 5.Qc2 Ne7 6.d4 f5 7.Bd3 O-O 8.O-O a5
9.Ne2 fxe4 10.Bxe4 Bxe4 11.Qxe4 Na6 12.Bg5 Bd6 13.Rad1 Qe8 14.Ne5 Nf5 15.Bf4 Bxe5
16.Bxe5 Qf7 17.a3 c6 18.Qg4 d6 19.Bf4 Rad8 20.Rd3 Nc7 21.Bg5 Rde8 22.Rf3 Qd7
23.Qe4 b5 24.cxb5 Nxb5 25.a4 Nc7 26.Bd2 Nd5 27.b3 Qa7 28.Rc1 Qb6 29.Rc4 Rf6
30.Qc2 Nfe7 31.Rh3 h6 32.Ng3 Nf4 33.Rh4 d5 34.Rc5 Neg6 35.Rg4 e5 36.dxe5 Rxe5
37.h4 Ne6 38.Rxc6 Qxf2+ 39.Kh2 Nd4 40.Rxf6  1-0

[Event "BL2-N9798"]
[Site "Germany"]
[Date "1998.??.??"]
[Round "5.1"]
[White "Hausner, Ivan"]
[Black "Kalinitschew, Sergey"]
[Result "1/2-1/2"]
[WhiteElo "2410"]
[BlackElo "2525"]

1.c4 b6 2.Nf3 Bb7 3.g3 Bxf3 4.exf3 c5 5.b3 Nc6 6.Bb2 e6 7.Bg2 Nge7 8.Na3 Nf5
9.Nc2 Be7 10.O-O Bf6 11.Bc3 O-O 12.f4 Rc8 13.Re1 g6 14.Qc1 Bxc3 15.dxc3 d5
16.cxd5 exd5 17.Bh3 d4 18.Bxf5 gxf5 19.Qd2 Qf6 20.cxd4 cxd4 21.Rad1 Rfd8
22.Qe2 Rc7 23.Rd3 Re7 24.Qd2 Re4 25.f3 Rxe1+ 26.Nxe1 a5 27.Nc2 Qd6 28.a3 b5
29.b4 a4 30.Kf2 Qd5 31.Qe2 Kf8 32.Qd2 Qc4 33.Qd1 Rd6 34.Qd2 Rh6 35.Kg2 Rd6
36.Kf2 Kg8 37.Qd1 h6 38.Qd2 Rd8 39.Qd1 Rd7 40.Qd2 Rd6 41.Qd1 Qa2 42.Qd2 Qc4
43.Qd1 Qa2  1/2-1/2

[Event "Hessenliga9798"]
[Site "Hessen"]
[Date "1998.??.??"]
[Round "?.7"]
[White "Schlierf, Andre"]
[Black "Schmitzer, Klaus"]
[Result "0-1"]
[WhiteElo "2070"]
[BlackElo "2305"]

1.c4 b6 2.Nc3 e6 3.Nf3 Bb7 4.g3 f5 5.Bg2 Nf6 6.d4 Bb4 7.O-O O-O 8.Bg5 Bxc3
9.bxc3 h6 10.Bc1 Ne4 11.Qc2 Nc6 12.Nd2 Nxd2 13.Qxd2 Qc8 14.Ba3 Rf7 15.c5 Na5
16.Rad1 Bxg2 17.Kxg2 Nc4 18.Qc1 Qa6 19.Bb4 Qxa2 20.cxb6 cxb6 21.d5 e5 22.Qa1 Qxa1
23.Rxa1 a5 24.Rfc1 d6 25.Rc2 Rc7 26.Kf1 Rac8 27.Ba3 b5 28.Ke1 Kf7 29.e3 e4
30.Ke2 Re8 31.Bc1 Rc5 32.Rca2 a4 33.Ba3 Nxa3 34.Rxa3 Rec8 35.Rb1 Rxd5 36.Rb4 Ke6
37.Rd4 Rxd4 38.exd4 Kd5 39.Kd2 Rc4 40.Ra1 b4 41.cxb4 Rxb4  0-1

[Event "Ikaria op"]
[Site "Ikaria"]
[Date "1998.??.??"]
[Round "1"]
[White "Papaioannou, Ioannis"]
[Black "Chilov, Alexandros"]
[Result "1-0"]
[WhiteElo "2490"]
[BlackElo "2210"]

1.c4 b6 2.Nf3 Bb7 3.d4 e6 4.Bf4 d6 5.Nc3 Nf6 6.Qc2 Be7 7.e4 O-O 8.Be2 Nbd7
9.O-O-O Nh5 10.Bd2 g6 11.h4 f5 12.Bh6 Ng7 13.Kb1 Nf6 14.exf5 exf5 15.Ng5 Bc8
16.Bf3 Rb8 17.Rde1 Ng4 18.Nd5 Bf6 19.Bxg7 Kxg7 20.Nb4 Bd7 21.Nc6 Qc8 22.Nxb8 Qxb8
23.Ne6+ Bxe6 24.Rxe6 Bxd4 25.Bxg4 fxg4 26.Qe4 Be5 27.Re7+ Kh8 28.h5 Qd8 29.Rxe5 dxe5
30.hxg6 Qd4 31.g7+ Kxg7 32.Qxh7+ Kf6 33.Rh6+ Kg5 34.Rg6+ Kf4 35.Qh6+ Kf5
36.Qh5+ Ke4 37.Rxg4+ Kd3 38.Rxd4+ exd4 39.Qd1+ Kxc4 40.Qb3+ Kc5 41.Qa3+  1-0

[Event "Heart of Finland op"]
[Site "Jyvaskyla"]
[Date "1998.??.??"]
[Round "?"]
[White "Sassi, Pekka"]
[Black "Bagirov, Vladimir"]
[Result "0-1"]
[WhiteElo "2160"]
[BlackElo "2460"]

1.c4 b6 2.Nc3 Bb7 3.e4 e6 4.Nf3 Bb4 5.Bd3 Ne7 6.a3 Bxc3 7.dxc3 O-O 8.O-O d6
9.Nh4 Nd7 10.Qe2 Ng6 11.Nxg6 hxg6 12.f4 Re8 13.b4 f5 14.e5 Qe7 15.Bc2 Rad8
16.Rd1 Bc6 17.Bd2 dxe5 18.fxe5 Nf8 19.Be3 Nd7 20.Bd4 Ba8 21.Rd2 g5 22.Rad1 g4
23.Bf2 Nf8 24.c5 Ng6 25.Qe1 Rxd2 26.Rxd2 Rd8 27.Bd4 Qe8 28.Qe3 Qe7 29.Qe1 Nh4
30.Bb3 Kf7 31.Qd1 g5 32.a4 Kg6 33.c4 Bxg2 34.cxb6 cxb6 35.c5 Ba8 36.cxb6 axb6
37.Kf1 Qb7 38.Rf2 Qh1+ 39.Ke2 Bf3+ 40.Kd3 Bxd1  0-1

[Event "SCO-ch"]
[Site "Largs"]
[Date "1998.??.??"]
[Round "6"]
[White "Grant, Jonathan"]
[Black "Norris, Alan J"]
[Result "1-0"]
[WhiteElo "2275"]
[BlackElo "2320"]

1.c4 b6 2.d4 e6 3.e4 Bb7 4.Bd3 f5 5.exf5 Nf6 6.Nf3 Bd6 7.Nc3 O-O 8.Bg5 Qe8
9.fxe6 Qxe6+ 10.Qe2 Bxf3 11.Qxe6+ dxe6 12.gxf3 Nbd7 13.Nb5 e5 14.O-O-O a6
15.Nxd6 cxd6 16.Bf5 Kh8 17.Kb1 exd4 18.Bxd7 Nxd7 19.Rxd4 Ne5 20.f4 Nf7 21.Be7 Rfc8
22.Rc1 Rc6 23.f5 Kg8 24.f6 g6 25.Rcd1 Rac8 26.b3 b5 27.cxb5 axb5 28.Bxd6 Nxd6
29.Rxd6 Rxd6 30.Rxd6 Kf7 31.Rd7+ Kxf6 32.Rxh7 Rc5 33.h4 Rf5 34.Rb7 Ke6 35.f3 Kd6
36.Rb6+ Kc5 37.Rxg6 Rxf3 38.Rg4 Rh3 39.Kb2 b4 40.Rc4+ Kb5 41.a4+ Ka5 42.Rc5+ Ka6
43.h5 Rh2+ 44.Kc1 Rh1+ 45.Kd2 Rh3 46.h6 Rxh6 47.Re5 Rh3 48.Re3 Rh8 49.Re6+ Ka5
50.Re5+ Ka6 51.Rb5 Rh4 52.Kd3 Rg4 53.Rd5 Rg8 54.Kc4 Rb8 55.Kc5 Ka5 56.Kc6+ Ka6
57.Rb5 Rh8 58.Rxb4 Rh6+ 59.Kc5 Rh5+ 60.Kc4 Rh4+ 61.Kc3 Rh3+ 62.Kb2 Ka5 63.Rb5+ Ka6
64.Rg5 Kb6 65.Rg2 Ka5 66.Rc2 Kb4 67.Rc4+ Ka5 68.Rc3 Rh1 69.Rc5+ Ka6 70.b4 Kb6
71.Rd5 Ka6 72.Rd6+ Ka7 73.Kb3 Rh4 74.a5 Rg4 75.b5 Kb7 76.Rd7+ Ka8 77.Rc7 Rg1
78.Kb4 Rg4+ 79.Kc5 Rg5+ 80.Kb6 Rg6+ 81.Rc6 Rg8 82.Rd6 Rb8+ 83.Kc5 Rc8+ 84.Rc6 Rh8
85.b6 Rh5+ 86.Kb4 Kb7 87.Rc7+ Kb8 88.a6 Rh8 89.Re7 Ka8 90.Kc5 Rc8+ 91.Kd6 Rb8
92.Ra7+  1-0

[Event "BEL-chB"]
[Site "Liege"]
[Date "1998.??.??"]
[Round "8"]
[White "Van Hoolandt, Patrick"]
[Black "Schalkx, Johnny"]
[Result "0-1"]
[WhiteElo "2075"]
[BlackElo "2295"]

1.c4 b6 2.b3 e6 3.Nf3 Bb7 4.Bb2 Nf6 5.g3 c5 6.Bg2 Be7 7.O-O O-O 8.e3 d6 9.Nc3 a6
10.Qe2 Nbd7 11.d3 Qc7 12.e4 Rfe8 13.Rfe1 Bf8 14.h3 Rac8 15.Nh2 g6 16.f4 Bg7
17.e5 Nh5 18.Bxb7 Qxb7 19.Ne4 Bf8 20.Qf3 d5 21.Nc3 b5 22.cxd5 exd5 23.Nxd5 Qa7
24.Kg2 Nb6 25.Nxb6 Qxb6 26.f5 c4 27.dxc4 bxc4 28.Re2 Qc6 29.Qxc6 Rxc6 30.Rc1 gxf5
31.Rxc4 Rg6 32.g4 Ng7 33.Kf2 h5 34.gxf5 Nxf5 35.Rf4 Bc5+ 36.Kf3 Ne7 37.Rg2 Nc6
38.Rxg6+ fxg6 39.Rf6 Nxe5+ 40.Bxe5 Rxe5 41.Rxg6+ Kf7 42.Rxa6 Re3+ 43.Kg2 Re2+
44.Kg3 h4+ 45.Kxh4 Rxh2 46.Kg3 Rd2 47.Ra5 Bd6+ 48.Kg4 Kf6 49.h4 Rd4+ 50.Kh3 Be5
51.Ra8 Rd3+ 52.Kg2 Kf5 53.Ra4 Bf4 54.Ra8 Rg3+ 55.Kf2 Rd3 56.Rf8+ Ke4 57.Re8+ Be5
58.Ra8 Rd2+ 59.Kg1 Bg3 60.Rc8 Kf3 61.Rf8+ Kg4 62.Kf1 Rxa2 63.b4 Bf4 64.Ke1 Kf3
65.Kd1 Rd2+ 66.Ke1 Rd7 67.b5 Rc7 68.Rd8 Rc1+ 69.Rd1  0-1

[Event "SLO-ch"]
[Site "Maribor"]
[Date "1998.??.??"]
[Round "6"]
[White "Ivacic, Vladimir"]
[Black "Tratar, Marko"]
[Result "1/2-1/2"]
[WhiteElo "2295"]
[BlackElo "2420"]

1.c4 b6 2.Nc3 Bb7 3.e4 e6 4.Nf3 Bb4 5.d3 Ne7 6.Qb3 a5 7.a3 a4 8.Qc2 Bxc3+
9.Qxc3 O-O 10.b4 axb3 11.Bb2 f6 12.Qxb3 Na6 13.Be2 Nc5 14.Qc2 Ng6 15.O-O f5
16.exf5 Rxf5 17.Ne1 Nf4 18.f3 Na4 19.Bd4 Qf8 20.Bd1 e5 21.Be3 Ne6 22.Qd2 Nac5
23.a4 Qd6 24.Qc3 Ra5 25.Rf2 Bc6 26.Rfa2 Rf8 27.Ra3 Rfa8 28.Qb4 Qf8 29.Qb2 Bxa4
30.Bd2 R5a6 31.Bxa4 Rxa4 32.Rxa4 Rxa4 33.Rxa4 Nxa4 34.Qxe5  1/2-1/2

[Event "SLO-ch"]
[Site "Maribor"]
[Date "1998.??.??"]
[Round "8"]
[White "Ivacic, Vladimir"]
[Black "Mazi, Leon"]
[Result "0-1"]
[WhiteElo "2295"]
[BlackElo "2420"]

1.c4 b6 2.Nf3 Bb7 3.g3 Nf6 4.Bg2 e6 5.O-O Be7 6.b3 c5 7.Bb2 O-O 8.Nc3 d6
9.Re1 Nbd7 10.e4 Rc8 11.d4 cxd4 12.Nxd4 Qc7 13.Qe2 Rfe8 14.Rad1 a6 15.f4 Nf8
16.Kh1 N6d7 17.Qf2 Nc5 18.Re2 Bf6 19.b4 Ncd7 20.Ndb5 axb5 21.Nxb5 Qc6 22.Nxd6 Bxb2
23.Rxb2 e5 24.Rbd2 Nf6 25.fxe5 Rxe5 26.Qd4 N8d7 27.Nxc8 Bxc8 28.a4 h5 29.Qc3 Nxe4
30.Rxd7 Qxd7  0-1

[Event "Moscow-ch op"]
[Site "Moscow"]
[Date "1998.??.??"]
[Round "5"]
[White "Kulikov, Alexander O"]
[Black "Janturin, Artur"]
[Result "1-0"]
[WhiteElo "2395"]
[BlackElo "2175"]

1.c4 b6 2.d4 e6 3.Nf3 Bb7 4.Nc3 Nf6 5.Bg5 Be7 6.Qc2 d5 7.e3 O-O 8.Bd3 dxc4
9.Bxc4 c5 10.Rd1 Qc8 11.d5 exd5 12.Bxf6 Bxf6 13.Nxd5 Bd8 14.O-O Nd7 15.e4 Nf6
16.e5 Nxd5 17.Bxd5 Bxd5 18.Rxd5 Be7 19.Rfd1 Rd8 20.Rxd8+ Bxd8 21.Qa4 Be7
22.Rd7 Qe8 23.Qc6 Rc8 24.Qd5 c4 25.e6 c3 26.bxc3 Rxc3 27.g3 fxe6 28.Qxe6+ Qf7
29.Ng5 Qxe6 30.Nxe6 Bf6 31.Rxa7 Rc6 32.Nf4 Rc2 33.h4 Bd4 34.Ne6 Bxf2+ 35.Kf1 g6
36.Rg7+ Kh8 37.Rf7 Bc5 38.a4 Rc4 39.a5 bxa5 40.Rc7 Rc1+ 41.Ke2 Ba3 42.Ra7 Rc8
43.Rxa5 Re8 44.Ra6 Bb2 45.Kf3 Bf6 46.Kg4 Kg8 47.Nf4 Kf7 48.Nd5 Re6 49.Ra7+ Be7
50.Nf4 Re4 51.Kf3 Re5 52.g4 Kg8 53.Nd3 Re6 54.g5 Bd6 55.Nf2 Re3+ 56.Kg2 Rg3+
57.Kh1 Rf3 58.Ne4 Be5 59.Re7 Bg7 60.Kg2 Rf5 61.Re8+ Rf8 62.Re6 Rf5 63.Ra6 Rf8
64.Nc5 Re8 65.Ne6 Kf7 66.Nf4 Kg8 67.Kf3 Be5 68.Nd5 Bg7 69.Ra7  1-0

[Event "RUS-Cup02"]
[Site "Moscow"]
[Date "1998.??.??"]
[Round "8"]
[White "Mitin, Andrej"]
[Black "Gorbatow, Alexej"]
[Result "1-0"]
[WhiteElo "2235"]
[BlackElo "2435"]

1.c4 b6 2.Nc3 e6 3.e4 Bb7 4.g3 Bb4 5.Bg2 f5 6.Nge2 Nf6 7.Qc2 Nc6 8.O-O Bxc3
9.Nxc3 Nd4 10.Qd3 c5 11.exf5 Bxg2 12.Kxg2 Nxf5 13.b3 O-O 14.Bb2 Qc7 15.Ne4 Ng4
16.f4 Qc6 17.Qf3 Ngh6 18.Rae1 Ne7 19.d4 cxd4 20.Bxd4 Ng6 21.Nc3 Qd6 22.Be5 Qa3
23.Qd3 Nxe5 24.Rxe5 Rf7 25.Ne4 Nf5 26.Ng5 Re7 27.Rxf5 h6 28.Nf3 exf5 29.Qd5+ Kh7
30.Qxa8 Qxa2+ 31.Kg1 Qxb3 32.Qd5 g6 33.Ne5 Qe3+ 34.Kg2 a5 35.Qd6 Qe2+ 36.Rf2 Qe4+
37.Kh3 Rg7 38.Nxd7 Qa8 39.Nf6+ Kh8 40.Re2  1-0

[Event "Naantali op"]
[Site "Naantali"]
[Date "1998.??.??"]
[Round "?"]
[White "Keskisarja, Teemu"]
[Black "Kallio, Heikki"]
[Result "1-0"]
[WhiteElo "2290"]
[BlackElo "2330"]

1.c4 b6 2.Nc3 Bb7 3.Nf3 Nf6 4.d4 e6 5.Bg5 h6 6.Bh4 c5 7.d5 exd5 8.cxd5 d6
9.e4 Be7 10.Bb5+ Nfd7 11.Bxe7 Qxe7 12.O-O O-O 13.Re1 a6 14.Bf1 Ne5 15.Nd2 Qg5
16.Re3 Nbd7 17.Ne2 Qf6 18.Ng3 g6 19.Ne2 Ng4 20.Rf3 Qg7 21.Rg3 Ngf6 22.a4 Rae8
23.Nc3 Nh5 24.Re3 Ne5 25.Qb3 Ng4 26.Qxb6 Nxe3 27.fxe3 f5 28.Qxd6 Nf6 29.e5 Ng4
30.e6 f4 31.Nf3 Nxe3 32.Bd3 c4 33.Be4 Bc8 34.Qe5 Ng4 35.Qxg7+ Kxg7 36.Nd4 Nf6
37.Bf3 Bb7 38.Re1 Nd7 39.d6 Bxf3 40.gxf3 Nc5 41.Re5 Nd7 42.Re2 Nc5 43.d7 Rb8
44.e7  1-0

[Event "Atom Cup GM 3rd"]
[Site "Paks"]
[Date "1998.??.??"]
[Round "7"]
[White "Bukal, Vladimir Sr"]
[Black "Bunzmann, Dimitrij"]
[Result "1-0"]
[WhiteElo "2395"]
[BlackElo "2455"]

1.c4 b6 2.Nf3 Bb7 3.g3 Bxf3 4.exf3 c5 5.d4 cxd4 6.Qxd4 Nc6 7.Qd2 e6 8.Nc3 Rc8
9.Be2 Na5 10.b3 Bb4 11.Bb2 Nf6 12.O-O O-O 13.Qd3 Rc6 14.Rad1 Be7 15.f4 a6
16.Bf3 Rd6 17.Qe2 Rxd1 18.Rxd1 Qc7 19.Nd5 exd5 20.Qxe7 Re8 21.Be5 Qa7 22.Qa3 dxc4
23.Bxf6 gxf6 24.bxc4 Qc7 25.Bd5 d6 26.Qd3 Kg7 27.g4 h6 28.Qf5 Re2 29.Qh5 Qe7
30.Rd3 Re1+ 31.Kg2 Nxc4 32.Rh3 Kf8 33.Qxh6+ Ke8 34.Qh8+ Kd7 35.Qa8 Ne3+ 36.fxe3 Rc1
37.Rh7 Rg1+ 38.Kf2  1-0

[Event "Pardubice Czech op"]
[Site "Pardubice"]
[Date "1998.??.??"]
[Round "5"]
[White "Jirovsky, Milos"]
[Black "Chernyshov, Konstantin"]
[Result "1/2-1/2"]
[WhiteElo "2435"]
[BlackElo "2485"]

1.c4 b6 2.Nf3 Bb7 3.g3 e6 4.Bg2 Nf6 5.O-O Be7 6.d4 O-O 7.b3 d6 8.Bb2 Nbd7
9.Nc3 Ne4 10.Nxe4 Bxe4 11.Ne1 Bxg2 12.Kxg2 Qb8 13.Nd3 Qb7+ 14.f3 d5 15.Rc1 Bg5
16.Rc2 Be3 17.c5 bxc5 18.Nxc5 Nxc5 19.Rxc5 e5 20.Qd3 exd4 21.Bxd4 Bxd4 22.Qxd4 Rae8
23.Rxd5 Rxe2+ 24.Rf2 Rxf2+ 25.Kxf2 Qa6 26.a4 h6 27.Rd8 Qb6 28.Qxb6 cxb6 29.Rd7 Rc8
30.Ke3 Rc3+ 31.Rd3 Rc2 32.Rd8+ Kh7 33.h4 Kg6 34.Rd6+ Kf5 35.Rd7 Ke6 36.Rxa7 Rc3+
37.Kf2 Rxb3 38.a5  1/2-1/2

[Event "Regensburg op"]
[Site "Regensburg"]
[Date "1998.??.??"]
[Round "2"]
[White "Gazmaga, Stefan"]
[Black "Lau, Ralf"]
[Result "0-1"]
[WhiteElo "2165"]
[BlackElo "2475"]

1.c4 b6 2.Nf3 Bb7 3.g3 Bxf3 4.exf3 c5 5.Bg2 Nc6 6.O-O g6 7.Nc3 Bg7 8.d3 Nf6
9.Bg5 O-O 10.f4 Re8 11.f5 gxf5 12.Bxf6 Bxf6 13.Qh5 e6 14.g4 fxg4 15.Be4 Ne5
16.Qxh7+ Kf8 17.f4 gxf3 18.Rxf3 Nxf3+ 19.Bxf3 Ke7 20.Bh5 Rg8+ 21.Kh1 Qf8
22.Qe4 Bxc3 23.bxc3 f5 24.Qb7 Rh8  0-1

[Event "ISL-chT9899"]
[Site "Reykjavik"]
[Date "1998.??.??"]
[Round "?"]
[White "Thorarinsson, Pall A"]
[Black "Gretarsson, Helgi Ass"]
[Result "0-1"]
[WhiteElo "2105"]
[BlackElo "2459"]

1.c4 b6 2.Nc3 Bb7 3.d4 e6 4.a3 f5 5.d5 Nf6 6.g3 g6 7.Bg2 Bg7 8.Nf3 O-O 9.O-O Na6
10.Bg5 Nc5 11.Rc1 Qe8 12.Nb5 Na6 13.Bxf6 Bxf6 14.b4 Qe7 15.d6 cxd6 16.Nxd6 Bc6
17.b5 Bxf3 18.Bxf3 Nc5 19.Nb7 Ne4 20.Bxe4 fxe4 21.Nd6 e3 22.fxe3 Bb2 23.Rxf8+ Rxf8
24.Rb1 Be5 25.Ne4 Qxa3 26.Qd3 Qxd3 27.exd3 d5 28.Nd2 Bc3 29.Nf1 dxc4 30.Rc1 Ba5
31.dxc4 Rd8 32.Kf2 Kf7 33.Ke2 Ke7 34.Rd1 Rc8 35.Rc1 Kd6 36.Nd2 Bxd2 37.Kxd2 Ke5
38.Kc3 Ke4 39.Rd1 Rc7 40.Rd6 e5 41.Re6 g5 42.g4 Kxe3 43.Rxe5+ Kf4 44.Rf5+ Kxg4
45.Rf6 h5 46.Rc6 Rg7 47.Kd4 Kh3 48.Ke5 g4 49.Kf6 Rg8 50.Rc7 h4 51.Rxa7 Kxh2
52.Ra2+ Kh3 53.Ke6 g3  0-1

[Event "Seefeld op 9th"]
[Site "Seefeld"]
[Date "1998.??.??"]
[Round "8"]
[White "Frank, Albert"]
[Black "Wiesbeck, Florian"]
[Result "1/2-1/2"]
[WhiteElo "2020"]
[BlackElo "1850"]

1.c4 b6 2.d4 e6 3.a3 Bb7 4.Nc3 d5 5.cxd5 exd5 6.Bf4 c6 7.Nf3 Bd6 8.Qd2 Ne7
9.e4 dxe4 10.Nxe4 Bxf4 11.Qxf4 O-O 12.Bd3 Nd5 13.Qd6 Nd7 14.O-O N7f6 15.Rfe1 Re8
16.Rac1 Re6 17.Qxd8+ Rxd8 18.Nxf6+ Rxf6 19.Bc4 Rfd6 20.b4 Kf8 21.Ne5 f6 22.Nf3 Ne7
23.Bd3 g6 24.Be4 R8d7 25.h4 h5 26.Kh2 Kg7 27.Rb1 Ba6 28.Rb3 Bc4 29.Rbe3 Bd5
30.Bxd5 Nxd5 31.Re8 Rd8 32.Rxd8 Rxd8 33.Re6 Rc8 34.Rd6 Rc7 35.Rd8 Nc3 36.Nd2 b5
37.g3 Kf7 38.Kg2 Ke6 39.Rg8 Kf7 40.Rd8 Ke6 41.Rg8 Kf7  1/2-1/2

[Event "SVK-chT1W 9899"]
[Site "SVK"]
[Date "1998.??.??"]
[Round "4"]
[White "Ruckschloss, Karol"]
[Black "Bokros, Albert"]
[Result "0-1"]
[WhiteElo "2225"]
[BlackElo "2365"]

1.c4 b6 2.d4 Bb7 3.Nc3 e6 4.Nf3 f5 5.Bg5 Be7 6.Bxe7 Qxe7 7.e3 Nf6 8.Bd3 O-O
9.Qc2 Nc6 10.a3 e5 11.Nd5 Nxd5 12.cxd5 Nxd4 13.Nxd4 exd4 14.Bxf5 dxe3 15.Bxh7+ Kh8
16.O-O Rxf2 17.Qe4 Qg5 18.Bf5 Rf8 19.g4 R8xf5  0-1

[Event "Villa Ballester op"]
[Site "Villa Ballester"]
[Date "1998.??.??"]
[Round "7"]
[White "Anelli, Antonio"]
[Black "Garbarino, Rodolfo"]
[Result "1/2-1/2"]
[WhiteElo "2320"]
[BlackElo "2395"]

1.c4 b6 2.Nc3 Bb7 3.e4 e6 4.g3 f5 5.Bg2 Nf6 6.Qc2 Bb4 7.Nge2 O-O 8.O-O fxe4
9.Nxe4 Nxe4 10.Bxe4 Bxe4 11.Qxe4 Nc6 12.d4 Bd6 13.Bd2 Qe8 14.Bc3 Qh5 15.f4 Rae8
16.Rae1 Ne7 17.Nc1 c5 18.Nd3 Nc6 19.dxc5 Bxc5+ 20.Kg2 d5 21.Qe2 Qf5 22.Ne5 Nxe5
23.Bxe5 Rd8  1/2-1/2

[Event "POL-chT2"]
[Site "Wisla"]
[Date "1998.??.??"]
[Round "?"]
[White "Puchala, Jozef"]
[Black "Nowak, Rafal"]
[Result "0-1"]
[WhiteElo "2305"]
[BlackElo "2105"]

1.c4 b6 2.Nc3 Bb7 3.d4 Nf6 4.Qd3 d5 5.cxd5 Nxd5 6.e4 Nb4 7.Qb5+ N8c6 8.Qa4 Qxd4
9.Nf3 Nd3+ 10.Bxd3 Qxd3 11.Bf4 O-O-O 12.Rd1 Qa6 13.Rxd8+ Nxd8 14.Qb3 f6 15.Kd2 e5
16.Be3 Qa5 17.Kc1 Bc5 18.Re1 Re8 19.Bxc5 Qxc5 20.Re2 Ne6 21.Qa4 Rd8 22.Qxa7 Nd4
23.Re3 Nxf3 24.gxf3 Qd4 25.a4 Qd2+ 26.Kb1 Qxf2 27.Re2 Qxf3 28.Rc2 Rd1+ 29.Ka2 Qd3
30.Nxd1 Qxc2 31.Nc3 Qd3 32.a5 Qc4+ 33.Ka1 Qb4 34.axb6 cxb6 35.Qa2 Qa5 36.Qa3 Qxa3+
37.bxa3 Kc7 38.Kb2 Kd6 39.Kc2 Kc5 40.Kd3 Bc6 41.Nd1 g5 42.Ne3 h5 43.Nf5 Bb5+
44.Kc3 Be8 45.Kd3 Bf7 46.Ne3 Be6 47.Kc3 h4 48.Ng2 Kb5 49.Ne3 Ka4 50.Kd3 b5
51.Nd5 Bxd5 52.exd5 Ka5 53.Ke4 Kb6 54.Kf5 e4 55.d6 e3  0-1

[Event "Hastings Challengers"]
[Site "Hastings"]
[Date "1999.01.05"]
[Round "8"]
[White "Williams, Simon"]
[Black "Cherniaev, Alexander"]
[Result "1-0"]
[WhiteElo "2335"]
[BlackElo "2415"]

1.c4 b6 2.Nc3 c5 3.e4 Bb7 4.g3 e6 5.Bg2 Nf6 6.Nge2 d6 7.O-O Nbd7 8.d3 a6
9.f4 g6 10.h3 h5 11.f5 e5 12.fxg6 fxg6 13.Nd5 Nxd5 14.exd5 Qe7 15.Nc3 O-O-O
16.Ne4 Bh6 17.Bxh6 Rxh6 18.Rf7  1-0

[Event "Tapolca op"]
[Site "Budapest"]
[Date "1999.01.10"]
[Round "3"]
[White "Hocevar, Nikola"]
[Black "Majzik, Levente"]
[Result "1/2-1/2"]
[WhiteElo "2220"]
[BlackElo "2280"]

1.c4 b6 2.d4 Nf6 3.f3 e6 4.Nc3 Bb4 5.Bd2 Nh5 6.g3 Nc6 7.a3 Bd6 8.e3 Nf6 9.Nge2 Be7
10.Bg2 d5 11.cxd5 exd5 12.Nf4 O-O 13.O-O Ba6 14.Re1 Na5 15.Bf1 Bxf1 16.Kxf1 c6
17.Nce2 Nc4 18.Bc1 Re8 19.b3 Nd6 20.Nd3 c5 21.Ne5 Rc8 22.Kg2 c4 23.bxc4 Nxc4
24.Nf4 Bd6 25.Nxc4 Rxc4 26.Ra2 b5 27.Qd3 Qb6 28.Bd2 a5 29.Rb1 b4 30.Nxd5 Nxd5
31.Qxc4 Nxe3+ 32.Bxe3 Rxe3 33.axb4 Qb7 34.d5 h5 35.b5 h4 36.Re2 Rxe2+ 37.Qxe2 Qxd5
38.b6 h3+ 39.Kf1 Bb4 40.Rd1 Qc6 41.Qd3 g6 42.g4 Bf8 43.Rb1 Bb4 44.Kf2 Qxb6+
45.Kg3 Qc7+ 46.Kxh3 Bd6 47.Rd1 Bxh2 48.Qd8+ Kg7 49.Qxc7 Bxc7 50.g5 Be5 51.Rd7 Bf4
52.Kg4 Bc1 53.Ra7 Bd2 54.f4 Bc3 55.Rc7 Bb2 56.Ra7 Bc3 57.Kf3 Kg8 58.Ke4 Kg7
59.Rb7 Kg8 60.Rb3 Bb4 61.Rd3 Be7 62.Rd7 Kf8 63.Ra7  1/2-1/2

[Event "NRW-Liga I 9899"]
[Site "GER"]
[Date "1999.01.20"]
[Round "5"]
[White "Sachs, Hans Martin"]
[Black "Keller, Thomas"]
[Result "1-0"]
[WhiteElo "1962"]
[BlackElo "2250"]

1.c4 b6 2.Nf3 Bb7 3.g3 Bxf3 4.exf3 c5 5.d4 cxd4 6.Qxd4 Nc6 7.Qd2 e6 8.Bg2 Bb4
9.Nc3 Qf6 10.O-O Bxc3 11.bxc3 Nge7 12.Ba3 Rd8 13.c5 bxc5 14.Bxc5 d5 15.Rab1 O-O
16.Rb7 Rb8 17.Rfb1 Rxb7 18.Rxb7 a5 19.f4 Rc8 20.Qd3 h6 21.Qa6 Nb8 22.Qxa5 Nec6
23.Qa3 Qf5 24.Bf1 Qe4 25.Qb2 Qa4 26.Bd6 d4 27.Bxb8 Qa8 28.cxd4 Rxb8 29.Rxb8+ Qxb8
30.Qxb8+ Nxb8 31.Bb5 Kf8  1-0

[Event "Geneve op"]
[Site "Geneve"]
[Date "1999.01.24"]
[Round "2"]
[White "Miezis, Normunds"]
[Black "Gerber, Richard"]
[Result "1/2-1/2"]
[WhiteElo "2525"]
[BlackElo "2353"]

1.c4 b6 2.Nc3 Bb7 3.e4 e6 4.Nge2 Ne7 5.g3 d5 6.exd5 exd5 7.Bg2 c6 8.cxd5 Nxd5
9.Nxd5 cxd5 10.O-O Nd7 11.Nf4 Nf6 12.Re1+ Be7 13.Qe2 Rc8 14.b3 Rc7 15.Ba3 Ne4
16.Nxd5 Bxd5 17.Bxe4 Bxa3 18.Bxd5+ Be7 19.Qb5+ Kf8 20.Bc6 h5 21.d4 h4 22.d5 g6
23.Re4 Kg7 24.Rae1 Bc5 25.Qe2 Qf6 26.Rf4 Qc3 27.Rf3 Qd4 28.Qe5+ Qxe5 29.Rxe5 hxg3
30.hxg3 Re7 31.Rxe7 Bxe7 32.Kg2 Bc5 33.Rf4 a5 34.Re4 Kf6 35.Bb5 Rc8 36.Bc4 Bd6
37.a4 Kg7 38.Kf3 Kf8 39.Bb5 Rc3+ 40.Kg2 Rc8 41.Bc6 Kg7 42.f4 Kf6 43.Kf3 Rh8
44.Ke2 Rg8 45.Kf3 g5 46.Re1 gxf4 47.gxf4 Rh8 48.Bd7 Rh2 49.Rc1 Ke7 50.Bf5 Rd2
51.Rc6 Rd4 52.Be4 Rb4 53.f5 Rxb3+ 54.Ke2 Rb2+ 55.Ke3 Rb3+ 56.Kd2 f6 57.Bd3 Rb4
58.Kc2 Rxa4 59.Rxb6 Ra2+ 60.Kb3 Ra3+ 61.Kc2 Ra2+ 62.Kc1 Ra1+ 63.Kb2 Be5+
64.Kc2 Ra2+ 65.Kd1 Rb2 66.Re6+ Kd7 67.Ra6 Bc3 68.Kc1 Rb7 69.Kc2 Bd4 70.Rxa5 Kd6
71.Bc4 Ra7 72.Rb5 Rh7 73.Kd3 Bc5 74.Rb8 Ke5 75.Re8+ Kxf5 76.Kc3 Re7 77.Rd8 Ke5
78.Bb5 Bd6 79.Bc6 f5 80.Rh8 f4 81.Rh5+ Ke4 82.Rh6 Ke5 83.Kd3 Bc5 84.Kc4 Ba3
85.Rh3 Bd6 86.Rh5+ Ke4 87.Rh6 Ke5 88.Kd3 Bc5 89.Kc4 Bd6 90.Kd3 Bc5 91.Kc4 Bd6
92.Rh5+ Ke4 93.Rh6 Ke5 94.Rh5+ Ke4 95.Rh6  1/2-1/2

[Event "Nova Gorica op"]
[Site "Nova Gorica"]
[Date "1999.02.01"]
[Round "5"]
[White "Jeric, Simon"]
[Black "Drazic, Sinisa"]
[Result "0-1"]
[WhiteElo "2338"]
[BlackElo "2478"]

1.c4 b6 2.b4 e6 3.Bb2 Nf6 4.b5 Bb7 5.Nf3 c5 6.e3 Be7 7.Be2 O-O 8.O-O a6 9.a4 axb5
10.axb5 Rxa1 11.Bxa1 d5 12.d4 Nbd7 13.Nbd2 Qc7 14.Ne5 cxd4 15.exd4 dxc4 16.Ndxc4 Nxe5
17.Nxe5 Bd6 18.h3 Rc8 19.Bf3 Bxe5 20.dxe5 Bxf3 21.Qxf3 Nd5 22.Bb2 Qd7 23.Qd3 h6
24.Ra1 Qe7 25.Bd4 Qg5 26.g3 h5 27.h4 Qe7 28.Qd2 Qc7 29.Ra6 Qc4 30.Qb2 Qd3
31.Ra1 Rc4 32.Ra8+ Kh7 33.Bxb6 Nxb6 34.Rb8 Qd1+ 35.Kg2 Rc1  0-1

[Event "Nova Gorica op"]
[Site "Nova Gorica"]
[Date "1999.02.02"]
[Round "6"]
[White "Bukal, Vladimir Sr"]
[Black "Mikac, Tomaz"]
[Result "1-0"]
[WhiteElo "2407"]
[BlackElo "2188"]

1.c4 b6 2.Nc3 Bb7 3.e4 e6 4.Nf3 Bb4 5.Bd3 Ne7 6.O-O O-O 7.Bc2 f5 8.d4 h6
9.d5 Na6 10.exf5 Bxc3 11.bxc3 exd5 12.cxd5 Nxd5 13.Ne5 Nf6 14.Qd4 Nc5 15.f3 d6
16.Ng6 Re8 17.Bd2 Ncd7  1-0

[Event "Malaga op"]
[Site "Malaga"]
[Date "1999.02.05"]
[Round "3"]
[White "Taimanov, Mark E"]
[Black "Diez Gonzalez, Pedro M"]
[Result "1/2-1/2"]
[WhiteElo "2424"]
[BlackElo "2330"]

1.c4 b6 2.Nf3 Bb7 3.b3 c5 4.Bb2 e6 5.g3 Bxf3 6.exf3 Nc6 7.f4 Nge7 8.Bg2 Nf5
9.O-O Rc8 10.Na3 Be7 11.Nc2 Bf6 12.Bc3 O-O 13.Ne3 Nfd4 14.a3 a5 15.Re1 b5
16.Ng4 b4 17.axb4 axb4 18.Nxf6+ Qxf6 19.Bb2 Nf3+ 20.Bxf3 Qxb2 21.Bxc6 dxc6
22.Qc1 Qd4 23.Ra2 Ra8 24.Qa1 Rxa2 25.Qxa2 Rd8 26.Re5 g6 27.Kg2 Qxd2 28.Qxd2 Rxd2
29.Rxc5 Rd3 30.Rxc6 Rxb3 31.Rb6 Rb1 32.c5 Rc1  1/2-1/2

[Event "St Helier Tohmatsu op"]
[Site "St Helier"]
[Date "1999.02.17"]
[Round "4"]
[White "Williams, Simon"]
[Black "Plaskett, Jim"]
[Result "1/2-1/2"]
[WhiteElo "2367"]
[BlackElo "2483"]

1.c4 b6 2.Nc3 e6 3.e4 Bb7 4.Bd3 c5 5.Nf3 Nc6 6.O-O g5 7.Be2 Bg7 8.Nb5 d6
9.d4 g4 10.e5 gxf3 11.Nxd6+ Qxd6 12.exd6 fxe2 13.Qxe2 Nxd4 14.Qd3 O-O-O 15.b4 Rxd6
16.Qa3 e5 17.f3 Rg6 18.Bb2 cxb4 19.Qxa7 Ne7 20.Bxd4 exd4 21.Rae1 Nc6 22.Qxb6 d3
23.Qb5 d2 24.Qf5+ Kb8 25.Qf4+ Ka8 26.Qxd2 Bd4+ 27.Kh1 Bc3 28.Qd7 Bxe1 29.Rxe1 Ka7
30.c5 Rhg8 31.g3 Rf6 32.Kg2 Rxf3 33.Qc7 Ra3 34.Kh3 Rf3 35.Rd1 Rf6 36.Rd7 Rb8
37.g4 Rf3+ 38.Kh4 Ra3 39.Qb6+ Ka8 40.Rxb7 Rxb7 41.Qxc6 Ka7 42.Qd5 Ra6  1/2-1/2